Most Well-Known Youtubers In 2021 - Statistics

General Stats
  • This quiz has been taken 34 times
  • The average score is 4 of 10
Answer Stats
Hint Answer % Correct
Swedish Youtuber Pewdiepie
88%
Last Person To Leave Challenges MrBeast
75%
Minecraft Speedrun Youtuber Dream
63%
Fortnite Youtuber and Streamer Ninja
46%
British 17 Years Old Minecraft Youtuber Tommyinnit
42%
First Person To Get 1000 Wins In Minecraft Bedwars Technoblade
38%
Minecraft, Roblox and Pokémon Youtuber DanTDM
25%
Ginger Bread Man LazerBeam
21%
Artist ZHC
17%
American Minecraft Youtuber GeorgeNotFound
13%
No matching quizzes found
Score Distribution
Percent of People with Each Score
Percentile by Number Answered
Your Score History
You have not taken this quiz